Bitva /
Uložené v:
| Hlavný autor: | |
|---|---|
| Ďalší autori: | |
| Médium: | Kniha |
| Jazyk: | Czech English |
| Vydané: |
Praha :
Mladá fronta,
1959.
|
| Vydanie: | 2. vyd., v MF 1. vyd. |
| Edícia: | Kapka
sv. 18 |
| ISBN: |
(brož.) |
| Fyzický popis: |
275, [2] s. |
| Tagy: |
Pridať tag
Žiadne tagy, Buďte prvý kto otaguje tento záznam!
|
Titul je dostupný aj v ... 

MARC
| LEADER | 00000nam a22000001a 4500 | ||
|---|---|---|---|
| 001 | 000430213 | ||
| 005 | 20130803151444.0 | ||
| 008 | 980217s1959 xr cze d | ||
| 020 | |a (brož.) |c Kčs 10,00 | ||
| 041 | 1 | |a cze |h eng | |
| 044 | |a xr |c CZ | ||
| 100 | 1 | |a Steinbeck, John, |d 1902-1968 |4 aut | |
| 240 | 1 | 0 | |a In dubious battle. |l Česky |
| 245 | 1 | 0 | |a Bitva / |c John Steinbeck ; Z angl. orig. In dubious battle přel. a doslov "Steinbeckova nejbojovnější kniha" naps. A.J. Šťastný ; Il. na tit. listě: Jaroslav Šváb. |
| 250 | |a 2. vyd., v MF 1. vyd. | ||
| 260 | |a Praha : |b Mladá fronta, |c 1959. | ||
| 300 | |a 275, [2] s. | ||
| 490 | 1 | |a Kapka ; |v sv. 18 | |
| 700 | 1 | |a Šťastný, Alois Josef, |d 1901-1979 |4 trl | |
| 830 | 0 | |a Kapka |v sv. 18 | |
| 910 | |a svkkk | ||
| 998 | |a BK | ||
| 090 | |g SCKHL |k Sklad Pribinova prízemie |a I.13350 |j 176061 |i 2720379911 |s Prezenčne | ||
| 090 | |g SCKHL |k Sklad Pribinova prízemie |a I.15445 |j 179952 |i 2720385301 |s Prezenčne | ||